00489pab a2200157 454500008003600000100001700036245003300053650001700086650001800103650001300121650004800134773001100182909001000193999001700203952011100220180718b xxu||||| |||| 00| 0 eng d aSingh, Amrik aThe rationale of higher fees a Tution Fees a Universities a Finance aColleges and Universities - Finance - India aYojana a23580 c23580d23580 00104070aIIPAbIIPAd2018-07-19hIssue no: 36(22) 15 Dec.92, p.4-6pAR23649r2018-07-19w2018-07-19yAR